000 00702nam a2200217 a 4500
001 000010406
005 20240412074218.0
008 091007s1986 dr 000 p spa d
040 _aDO-SdBNP
_bspa
_cBNPHU
082 _aRD861.44
_bL296s, 1986
100 1 _aLantigua, José Rafael,
_d1949-
_91438
245 1 0 _aSobre un tiempo de esperanzas :
_bpoemas 1966-1976 /
_cJosé Rafael Lantigua.
260 _aSanto Domingo :
_bEditorial Santo Domingo,
_c1986.
300 _a107 p. ;
_c19 cm.
490 1 _aOrfeo
590 _aInventariado, 2019/BT
650 0 _aPoesía dominicana
_966
650 0 _aLiteratura dominicana.
_967
830 0 _aOrfeo
_918812
910 _aValidado. Control de calidad MMOLINA
999 _c10165
_d10165